Plus grands pays qui bordent l'ocean atlantique. - Statistiques

Statistiques générales
  • Ce quiz a été pris 64 fois
    53 depuis la dernière actualisation
  • Le résultat moyen est 8 sur 10
Statistiques - réponses
Hint Réponse % Correct
1 Canada
100%
2 USA|Etats-Unis
100%
3 Brésil
96%
6 Mexique
88%
4 Argentine
87%
8 Afrique du Sud
83%
7 Angola
75%
5 République démocratique du Congo
69%
10 Mauritanie
67%
9 Colombie
60%
Aucun quiz correspondant
Distribution des résultats
% des personnes avec chaque résultat
Percentile par nombre de réponses
Votre historique - résultats
Vous n’avez pas pris ce quiz depuis la dernière actualisation